<?xml version="1.0" encoding="UTF-8"?>
<record
    xmlns:xsi="http://www.w3.org/2001/XMLSchema-instance"
    xsi:schemaLocation="http://www.loc.gov/MARC21/slim http://www.loc.gov/standards/marcxml/schema/MARC21slim.xsd"
    xmlns="http://www.loc.gov/MARC21/slim">

  <leader>04139cam a22007937a 4500</leader>
  <controlfield tag="003">CHAP</controlfield>
  <controlfield tag="005">20220817043035.0</controlfield>
  <controlfield tag="008">971010d1985    mx a    r     00110 spa d</controlfield>
  <datafield tag="010" ind1=" " ind2=" ">
    <subfield code="a">63691</subfield>
  </datafield>
  <datafield tag="011" ind1=" " ind2=" ">
    <subfield code="a">64663</subfield>
  </datafield>
  <datafield tag="032" ind1=" " ind2=" ">
    <subfield code="a">582</subfield>
    <subfield code="b">R9</subfield>
  </datafield>
  <datafield tag="035" ind1=" " ind2=" ">
    <subfield code="a">70634</subfield>
  </datafield>
  <datafield tag="040" ind1=" " ind2=" ">
    <subfield code="c">CHAP</subfield>
  </datafield>
  <datafield tag="100" ind1="0" ind2="0">
    <subfield code="a">Rzedowski Rotter, Jerzy.</subfield>
    <subfield code="9">101052</subfield>
  </datafield>
  <datafield tag="245" ind1="1" ind2="0">
    <subfield code="a">Flora fanerog&#xE1;mica del Valle de M&#xE9;xico</subfield>
  </datafield>
  <datafield tag="260" ind1=" " ind2=" ">
    <subfield code="a">M&#xE9;xico, D.F. :</subfield>
    <subfield code="b">CECSA,</subfield>
    <subfield code="c">1985</subfield>
  </datafield>
  <datafield tag="300" ind1=" " ind2=" ">
    <subfield code="a">3 v.</subfield>
  </datafield>
  <datafield tag="490" ind1=" " ind2="0">
    <subfield code="a">Publicaci&#xF3;n</subfield>
    <subfield code="v">; 15</subfield>
  </datafield>
  <datafield tag="500" ind1=" " ind2=" ">
    <subfield code="a">Contenido : v.1 Generalidades, gymnospermae, dicotyledoneae (Saururaceae- Polygalaceae) -- v.2 Dycotyledoneae (Euphorbiaceae - Compositae) -- v.3 Monocotyledoneae</subfield>
  </datafield>
  <datafield tag="500" ind1=" " ind2=" ">
    <subfield code="a">v.1 c.16 sust. por Bogdan, A.V. pastos tropicales y plantas forrajeras c.1</subfield>
  </datafield>
  <datafield tag="500" ind1=" " ind2=" ">
    <subfield code="a">v.2-3 ed. por Instituto de Ecolog&#xED;a</subfield>
  </datafield>
  <datafield tag="590" ind1=" " ind2=" ">
    <subfield code="a">BATCH-UPD</subfield>
    <subfield code="b">10</subfield>
    <subfield code="c">20130110</subfield>
    <subfield code="l">UCH01</subfield>
    <subfield code="h">0100</subfield>
  </datafield>
  <datafield tag="590" ind1=" " ind2=" ">
    <subfield code="a">BATCH-UPD</subfield>
    <subfield code="b">10</subfield>
    <subfield code="c">20130110</subfield>
    <subfield code="l">UCH01</subfield>
    <subfield code="h">1331</subfield>
  </datafield>
  <datafield tag="590" ind1=" " ind2=" ">
    <subfield code="a">BATCH-UPD</subfield>
    <subfield code="b">10</subfield>
    <subfield code="c">20130409</subfield>
    <subfield code="l">UCH01</subfield>
    <subfield code="h">2049</subfield>
  </datafield>
  <datafield tag="590" ind1=" " ind2=" ">
    <subfield code="a">BATCH-UPD</subfield>
    <subfield code="b">10</subfield>
    <subfield code="c">20130410</subfield>
    <subfield code="l">UCH01</subfield>
    <subfield code="h">0836</subfield>
  </datafield>
  <datafield tag="590" ind1=" " ind2=" ">
    <subfield code="a">BATCH-UPD</subfield>
    <subfield code="b">10</subfield>
    <subfield code="c">20130914</subfield>
    <subfield code="l">UCH01</subfield>
    <subfield code="h">0735</subfield>
  </datafield>
  <datafield tag="590" ind1=" " ind2=" ">
    <subfield code="a">CONVERSION</subfield>
    <subfield code="b">10</subfield>
    <subfield code="c">20130109</subfield>
    <subfield code="l">UCH01</subfield>
    <subfield code="h">1334</subfield>
  </datafield>
  <datafield tag="650" ind1="1" ind2="4">
    <subfield code="a">Bot&#xE1;nica</subfield>
    <subfield code="x">Valle de M&#xE9;xico.</subfield>
    <subfield code="9">14631</subfield>
  </datafield>
  <datafield tag="650" ind1="1" ind2="4">
    <subfield code="a">Faner&#xF3;gamas.</subfield>
    <subfield code="9">39416</subfield>
  </datafield>
  <datafield tag="700" ind1="0" ind2=" ">
    <subfield code="a">Calder&#xF3;n de Rzedowski, Graciela.</subfield>
    <subfield code="9">17385</subfield>
  </datafield>
  <datafield tag="710" ind1="0" ind2=" ">
    <subfield code="a">Instituto de Ecolog&#xED;a. M&#xE9;xico.</subfield>
    <subfield code="9">59116</subfield>
  </datafield>
  <datafield tag="830" ind1="0" ind2=" ">
    <subfield code="a">Publicaci&#xF3;n</subfield>
    <subfield code="v">; 15</subfield>
  </datafield>
  <datafield tag="901" ind1=" " ind2=" ">
    <subfield code="a">BK</subfield>
  </datafield>
  <datafield tag="942" ind1=" " ind2=" ">
    <subfield code="c">LIBRO</subfield>
  </datafield>
  <datafield tag="949" ind1=" " ind2=" ">
    <subfield code="a">582 R89</subfield>
    <subfield code="b">BC</subfield>
    <subfield code="c">LIBRO</subfield>
    <subfield code="d">33724000615746</subfield>
    <subfield code="e">LIBRO</subfield>
    <subfield code="f">v.1</subfield>
    <subfield code="i">70634</subfield>
    <subfield code="s">i</subfield>
  </datafield>
  <datafield tag="949" ind1=" " ind2=" ">
    <subfield code="a">582 R9</subfield>
    <subfield code="b">BC</subfield>
    <subfield code="c">C</subfield>
    <subfield code="d">33724000493284</subfield>
    <subfield code="e">C</subfield>
    <subfield code="f">v.1 c.5</subfield>
    <subfield code="h">51012</subfield>
    <subfield code="i">70634</subfield>
    <subfield code="s">i</subfield>
  </datafield>
  <datafield tag="949" ind1=" " ind2=" ">
    <subfield code="a">582 R9</subfield>
    <subfield code="b">BC</subfield>
    <subfield code="c">C</subfield>
    <subfield code="d">33724000493292</subfield>
    <subfield code="e">C</subfield>
    <subfield code="f">v.1 c.4</subfield>
    <subfield code="h">51011</subfield>
    <subfield code="i">70634</subfield>
    <subfield code="s">b</subfield>
  </datafield>
  <datafield tag="949" ind1=" " ind2=" ">
    <subfield code="a">582 R9</subfield>
    <subfield code="b">BC</subfield>
    <subfield code="c">C</subfield>
    <subfield code="d">33724000493300</subfield>
    <subfield code="e">C</subfield>
    <subfield code="f">v.2</subfield>
    <subfield code="h">70226</subfield>
    <subfield code="i">70634</subfield>
    <subfield code="s">i</subfield>
  </datafield>
  <datafield tag="949" ind1=" " ind2=" ">
    <subfield code="a">582 R9</subfield>
    <subfield code="b">BC</subfield>
    <subfield code="c">C</subfield>
    <subfield code="d">33724000493318</subfield>
    <subfield code="e">C</subfield>
    <subfield code="f">v.1</subfield>
    <subfield code="h">51008</subfield>
    <subfield code="i">70634</subfield>
    <subfield code="s">i</subfield>
  </datafield>
  <datafield tag="949" ind1=" " ind2=" ">
    <subfield code="a">582 R9</subfield>
    <subfield code="b">BC</subfield>
    <subfield code="c">C</subfield>
    <subfield code="d">33724000493326</subfield>
    <subfield code="e">C</subfield>
    <subfield code="f">v.1 c.2</subfield>
    <subfield code="h">51009</subfield>
    <subfield code="i">70634</subfield>
    <subfield code="s">b</subfield>
  </datafield>
  <datafield tag="949" ind1=" " ind2=" ">
    <subfield code="a">582 R9</subfield>
    <subfield code="b">BC</subfield>
    <subfield code="c">C</subfield>
    <subfield code="d">33724000493334</subfield>
    <subfield code="e">C</subfield>
    <subfield code="f">v.2 c.3</subfield>
    <subfield code="h">70228</subfield>
    <subfield code="i">70634</subfield>
    <subfield code="s">i</subfield>
  </datafield>
  <datafield tag="949" ind1=" " ind2=" ">
    <subfield code="a">582 R9</subfield>
    <subfield code="b">BC</subfield>
    <subfield code="c">C</subfield>
    <subfield code="d">33724000665527</subfield>
    <subfield code="e">C</subfield>
    <subfield code="f">v.1 c.3</subfield>
    <subfield code="h">51010</subfield>
    <subfield code="i">70634</subfield>
    <subfield code="s">i</subfield>
  </datafield>
  <datafield tag="949" ind1=" " ind2=" ">
    <subfield code="a">582 R9</subfield>
    <subfield code="b">BC</subfield>
    <subfield code="c">C</subfield>
    <subfield code="d">33724000889499</subfield>
    <subfield code="e">C</subfield>
    <subfield code="f">v.3</subfield>
    <subfield code="h">94530</subfield>
    <subfield code="i">70634</subfield>
    <subfield code="k">Donaci&#xD8;n</subfield>
    <subfield code="s">b</subfield>
  </datafield>
  <datafield tag="949" ind1=" " ind2=" ">
    <subfield code="a">582 R9</subfield>
    <subfield code="b">BC</subfield>
    <subfield code="c">C</subfield>
    <subfield code="d">33724000938460</subfield>
    <subfield code="e">C</subfield>
    <subfield code="f">v.3 c.2</subfield>
    <subfield code="h">94531</subfield>
    <subfield code="i">70634</subfield>
    <subfield code="k">Donaci&#xD8;n</subfield>
    <subfield code="s">b</subfield>
  </datafield>
  <datafield tag="949" ind1=" " ind2=" ">
    <subfield code="a">582 R9</subfield>
    <subfield code="b">BC</subfield>
    <subfield code="c">C</subfield>
    <subfield code="d">33724000942090</subfield>
    <subfield code="e">C</subfield>
    <subfield code="f">v.3 c.3</subfield>
    <subfield code="h">94532</subfield>
    <subfield code="i">70634</subfield>
    <subfield code="k">Donaci&#xD8;n</subfield>
    <subfield code="s">b</subfield>
  </datafield>
  <datafield tag="949" ind1=" " ind2=" ">
    <subfield code="a">582 R9</subfield>
    <subfield code="b">BC</subfield>
    <subfield code="c">C</subfield>
    <subfield code="d">33724002019470</subfield>
    <subfield code="e">C</subfield>
    <subfield code="f">v.2 c.5</subfield>
    <subfield code="h">70230</subfield>
    <subfield code="i">70634</subfield>
    <subfield code="s">i</subfield>
  </datafield>
  <datafield tag="949" ind1=" " ind2=" ">
    <subfield code="a">582 R9</subfield>
    <subfield code="b">BC</subfield>
    <subfield code="c">C</subfield>
    <subfield code="d">33724002022347</subfield>
    <subfield code="e">C</subfield>
    <subfield code="f">v.2 c.2</subfield>
    <subfield code="h">70227</subfield>
    <subfield code="i">70634</subfield>
    <subfield code="s">b</subfield>
  </datafield>
  <datafield tag="949" ind1=" " ind2=" ">
    <subfield code="a">582 R9</subfield>
    <subfield code="b">BC</subfield>
    <subfield code="c">C</subfield>
    <subfield code="d">33724002202199</subfield>
    <subfield code="e">C</subfield>
    <subfield code="f">v.2 c.4</subfield>
    <subfield code="h">70229</subfield>
    <subfield code="i">70634</subfield>
    <subfield code="s">i</subfield>
  </datafield>
  <datafield tag="949" ind1=" " ind2=" ">
    <subfield code="a">582 R9</subfield>
    <subfield code="b">BC</subfield>
    <subfield code="c">LIBRO</subfield>
    <subfield code="d">33724000448098</subfield>
    <subfield code="e">LIBRO</subfield>
    <subfield code="f">v.1 c.8</subfield>
    <subfield code="h">51015</subfield>
    <subfield code="i">70634</subfield>
    <subfield code="s">i</subfield>
  </datafield>
  <datafield tag="949" ind1=" " ind2=" ">
    <subfield code="a">582 R9</subfield>
    <subfield code="b">BC</subfield>
    <subfield code="c">LIBRO</subfield>
    <subfield code="d">33724000448106</subfield>
    <subfield code="e">LIBRO</subfield>
    <subfield code="f">v.2 c.7</subfield>
    <subfield code="h">70232</subfield>
    <subfield code="i">70634</subfield>
    <subfield code="s">i</subfield>
  </datafield>
  <datafield tag="949" ind1=" " ind2=" ">
    <subfield code="a">582 R9</subfield>
    <subfield code="b">BC</subfield>
    <subfield code="c">LIBRO</subfield>
    <subfield code="d">33724000448122</subfield>
    <subfield code="e">LIBRO</subfield>
    <subfield code="f">v.2 c.6</subfield>
    <subfield code="h">70231</subfield>
    <subfield code="i">70634</subfield>
    <subfield code="s">i</subfield>
  </datafield>
  <datafield tag="949" ind1=" " ind2=" ">
    <subfield code="a">582 R9</subfield>
    <subfield code="b">BC</subfield>
    <subfield code="c">LIBRO</subfield>
    <subfield code="d">33724000448148</subfield>
    <subfield code="e">LIBRO</subfield>
    <subfield code="f">v.1 c.14</subfield>
    <subfield code="h">53007</subfield>
    <subfield code="i">70634</subfield>
    <subfield code="s">i</subfield>
  </datafield>
  <datafield tag="949" ind1=" " ind2=" ">
    <subfield code="a">582 R9</subfield>
    <subfield code="b">BC</subfield>
    <subfield code="c">LIBRO</subfield>
    <subfield code="d">33724000448155</subfield>
    <subfield code="e">LIBRO</subfield>
    <subfield code="f">v.1 c.9</subfield>
    <subfield code="h">51016</subfield>
    <subfield code="i">70634</subfield>
    <subfield code="s">o</subfield>
  </datafield>
  <datafield tag="949" ind1=" " ind2=" ">
    <subfield code="a">582 R9</subfield>
    <subfield code="b">BC</subfield>
    <subfield code="c">LIBRO</subfield>
    <subfield code="d">33724000448320</subfield>
    <subfield code="e">LIBRO</subfield>
    <subfield code="f">v.1 c.11</subfield>
    <subfield code="h">53004</subfield>
    <subfield code="i">70634</subfield>
    <subfield code="s">i</subfield>
  </datafield>
  <datafield tag="949" ind1=" " ind2=" ">
    <subfield code="a">582 R9</subfield>
    <subfield code="b">BC</subfield>
    <subfield code="c">LIBRO</subfield>
    <subfield code="d">33724000600466</subfield>
    <subfield code="e">LIBRO</subfield>
    <subfield code="f">v.1 c.15</subfield>
    <subfield code="h">53008</subfield>
    <subfield code="i">70634</subfield>
    <subfield code="s">i</subfield>
  </datafield>
  <datafield tag="949" ind1=" " ind2=" ">
    <subfield code="a">582 R9</subfield>
    <subfield code="b">BC</subfield>
    <subfield code="c">LIBRO</subfield>
    <subfield code="d">33724000615571</subfield>
    <subfield code="e">LIBRO</subfield>
    <subfield code="f">v.2</subfield>
    <subfield code="i">70634</subfield>
    <subfield code="s">i</subfield>
  </datafield>
  <datafield tag="949" ind1=" " ind2=" ">
    <subfield code="a">582 R9</subfield>
    <subfield code="b">BC</subfield>
    <subfield code="c">LIBRO</subfield>
    <subfield code="d">33724000615696</subfield>
    <subfield code="e">LIBRO</subfield>
    <subfield code="f">v.3</subfield>
    <subfield code="i">70634</subfield>
    <subfield code="s">i</subfield>
  </datafield>
  <datafield tag="949" ind1=" " ind2=" ">
    <subfield code="a">582 R9</subfield>
    <subfield code="b">BC</subfield>
    <subfield code="c">LIBRO</subfield>
    <subfield code="d">33724000730503</subfield>
    <subfield code="e">LIBRO</subfield>
    <subfield code="f">v.1 c.13</subfield>
    <subfield code="h">53006</subfield>
    <subfield code="i">70634</subfield>
    <subfield code="s">i</subfield>
  </datafield>
  <datafield tag="949" ind1=" " ind2=" ">
    <subfield code="a">582 R9</subfield>
    <subfield code="b">BC</subfield>
    <subfield code="c">LIBRO</subfield>
    <subfield code="d">33724000822987</subfield>
    <subfield code="e">LIBRO</subfield>
    <subfield code="f">v.1 c.16</subfield>
    <subfield code="g">Donaci&#xD8;n</subfield>
    <subfield code="h">99993</subfield>
    <subfield code="i">70634</subfield>
    <subfield code="s">i</subfield>
  </datafield>
  <datafield tag="949" ind1=" " ind2=" ">
    <subfield code="a">582 R9</subfield>
    <subfield code="b">BC</subfield>
    <subfield code="c">LIBRO</subfield>
    <subfield code="d">33724000826608</subfield>
    <subfield code="e">LIBRO</subfield>
    <subfield code="f">v.2 c.8</subfield>
    <subfield code="h">70233</subfield>
    <subfield code="i">70634</subfield>
    <subfield code="s">i</subfield>
  </datafield>
  <datafield tag="949" ind1=" " ind2=" ">
    <subfield code="a">582 R9</subfield>
    <subfield code="b">BC</subfield>
    <subfield code="c">LIBRO</subfield>
    <subfield code="d">33724000905451</subfield>
    <subfield code="e">LIBRO</subfield>
    <subfield code="f">v.2 c.10</subfield>
    <subfield code="h">70235</subfield>
    <subfield code="i">70634</subfield>
    <subfield code="s">i</subfield>
  </datafield>
  <datafield tag="949" ind1=" " ind2=" ">
    <subfield code="a">582 R9</subfield>
    <subfield code="b">BC</subfield>
    <subfield code="c">LIBRO</subfield>
    <subfield code="d">33724000905691</subfield>
    <subfield code="e">LIBRO</subfield>
    <subfield code="f">v.2 c.11</subfield>
    <subfield code="h">92020</subfield>
    <subfield code="i">70634</subfield>
    <subfield code="s">i</subfield>
  </datafield>
  <datafield tag="949" ind1=" " ind2=" ">
    <subfield code="a">582 R9</subfield>
    <subfield code="b">BC</subfield>
    <subfield code="c">LIBRO</subfield>
    <subfield code="d">33724000928206</subfield>
    <subfield code="e">LIBRO</subfield>
    <subfield code="f">v.1 c.17</subfield>
    <subfield code="g">Donaci&#xD8;n</subfield>
    <subfield code="h">92019</subfield>
    <subfield code="i">70634</subfield>
    <subfield code="s">i</subfield>
  </datafield>
  <datafield tag="949" ind1=" " ind2=" ">
    <subfield code="a">582 R9</subfield>
    <subfield code="b">BC</subfield>
    <subfield code="c">LIBRO</subfield>
    <subfield code="d">33724000937348</subfield>
    <subfield code="e">LIBRO</subfield>
    <subfield code="f">v.2 c.9</subfield>
    <subfield code="h">70234</subfield>
    <subfield code="i">70634</subfield>
    <subfield code="s">i</subfield>
  </datafield>
  <datafield tag="949" ind1=" " ind2=" ">
    <subfield code="a">582 R9</subfield>
    <subfield code="b">BC</subfield>
    <subfield code="c">LIBRO</subfield>
    <subfield code="d">33724002014446</subfield>
    <subfield code="e">LIBRO</subfield>
    <subfield code="f">v.1 c.6</subfield>
    <subfield code="h">51013</subfield>
    <subfield code="i">70634</subfield>
    <subfield code="s">i</subfield>
  </datafield>
  <datafield tag="949" ind1=" " ind2=" ">
    <subfield code="a">582 R9</subfield>
    <subfield code="b">BC</subfield>
    <subfield code="c">LIBRO</subfield>
    <subfield code="d">33724002021777</subfield>
    <subfield code="e">LIBRO</subfield>
    <subfield code="f">v.1 c.7</subfield>
    <subfield code="h">51014</subfield>
    <subfield code="i">70634</subfield>
    <subfield code="s">i</subfield>
  </datafield>
  <datafield tag="949" ind1=" " ind2=" ">
    <subfield code="a">582 R9</subfield>
    <subfield code="b">BC</subfield>
    <subfield code="c">LIBRO</subfield>
    <subfield code="d">33724002021975</subfield>
    <subfield code="e">LIBRO</subfield>
    <subfield code="f">v.1 c.10</subfield>
    <subfield code="h">53003</subfield>
    <subfield code="i">70634</subfield>
    <subfield code="s">i</subfield>
  </datafield>
  <datafield tag="949" ind1=" " ind2=" ">
    <subfield code="a">682 R9</subfield>
    <subfield code="b">BC</subfield>
    <subfield code="c">LIBRO</subfield>
    <subfield code="d">33724000905808</subfield>
    <subfield code="e">LIBRO</subfield>
    <subfield code="f">v.2 c.12</subfield>
    <subfield code="g">I.c/e</subfield>
    <subfield code="h">77959</subfield>
    <subfield code="i">70634</subfield>
    <subfield code="s">o</subfield>
  </datafield>
  <datafield tag="999" ind1=" " ind2=" ">
    <subfield code="c">63691</subfield>
    <subfield code="d">63691</subfield>
  </datafield>
  <datafield tag="952" ind1=" " ind2=" ">
    <subfield code="0">0</subfield>
    <subfield code="1">0</subfield>
    <subfield code="2">ddc</subfield>
    <subfield code="4">0</subfield>
    <subfield code="5">1</subfield>
    <subfield code="7">0</subfield>
    <subfield code="8">C</subfield>
    <subfield code="a">BC</subfield>
    <subfield code="b">BC</subfield>
    <subfield code="c">PA_CONSULTA</subfield>
    <subfield code="d">2012-12-17</subfield>
    <subfield code="e">Donacion</subfield>
    <subfield code="f">LIBRO</subfield>
    <subfield code="l">1</subfield>
    <subfield code="o">582 R9</subfield>
    <subfield code="p">33724000493284</subfield>
    <subfield code="r">2023-05-03 00:00:00</subfield>
    <subfield code="s">2023-04-27</subfield>
    <subfield code="t">v.1 c.5</subfield>
    <subfield code="w">2012-12-17</subfield>
    <subfield code="y">LIBRO</subfield>
  </datafield>
  <datafield tag="952" ind1=" " ind2=" ">
    <subfield code="0">0</subfield>
    <subfield code="1">0</subfield>
    <subfield code="2">ddc</subfield>
    <subfield code="4">0</subfield>
    <subfield code="5">1</subfield>
    <subfield code="7">0</subfield>
    <subfield code="8">C</subfield>
    <subfield code="a">BC</subfield>
    <subfield code="b">BC</subfield>
    <subfield code="c">PA_CONSULTA</subfield>
    <subfield code="d">2012-12-17</subfield>
    <subfield code="e">Donacion</subfield>
    <subfield code="f">LIBRO</subfield>
    <subfield code="l">0</subfield>
    <subfield code="o">582 R9</subfield>
    <subfield code="p">33724000493292</subfield>
    <subfield code="r">2019-12-31 00:00:00</subfield>
    <subfield code="t">v.1 c.4</subfield>
    <subfield code="w">2012-12-17</subfield>
    <subfield code="y">LIBRO</subfield>
  </datafield>
  <datafield tag="952" ind1=" " ind2=" ">
    <subfield code="0">0</subfield>
    <subfield code="1">0</subfield>
    <subfield code="2">ddc</subfield>
    <subfield code="4">0</subfield>
    <subfield code="5">1</subfield>
    <subfield code="7">0</subfield>
    <subfield code="8">C</subfield>
    <subfield code="a">BC</subfield>
    <subfield code="b">BC</subfield>
    <subfield code="c">PA_CONSULTA</subfield>
    <subfield code="d">2012-12-17</subfield>
    <subfield code="e">I.c/e</subfield>
    <subfield code="f">LIBRO</subfield>
    <subfield code="l">0</subfield>
    <subfield code="o">582 R9</subfield>
    <subfield code="p">33724000493300</subfield>
    <subfield code="r">2019-12-31 00:00:00</subfield>
    <subfield code="t">v.2</subfield>
    <subfield code="w">2012-12-17</subfield>
    <subfield code="y">LIBRO</subfield>
  </datafield>
  <datafield tag="952" ind1=" " ind2=" ">
    <subfield code="0">0</subfield>
    <subfield code="1">0</subfield>
    <subfield code="2">ddc</subfield>
    <subfield code="4">0</subfield>
    <subfield code="5">1</subfield>
    <subfield code="7">0</subfield>
    <subfield code="8">C</subfield>
    <subfield code="a">BC</subfield>
    <subfield code="b">BC</subfield>
    <subfield code="c">PA_CONSULTA</subfield>
    <subfield code="d">2019-12-31</subfield>
    <subfield code="f">LIBRO</subfield>
    <subfield code="l">0</subfield>
    <subfield code="o">582 R9</subfield>
    <subfield code="p">33724000493318</subfield>
    <subfield code="r">2019-12-31 00:00:00</subfield>
    <subfield code="t">v.1</subfield>
    <subfield code="w">2019-12-31</subfield>
    <subfield code="y">LIBRO</subfield>
  </datafield>
  <datafield tag="952" ind1=" " ind2=" ">
    <subfield code="0">0</subfield>
    <subfield code="1">0</subfield>
    <subfield code="2">ddc</subfield>
    <subfield code="4">0</subfield>
    <subfield code="5">1</subfield>
    <subfield code="7">0</subfield>
    <subfield code="8">C</subfield>
    <subfield code="a">BC</subfield>
    <subfield code="b">BC</subfield>
    <subfield code="c">PA_CONSULTA</subfield>
    <subfield code="d">2019-12-31</subfield>
    <subfield code="f">LIBRO</subfield>
    <subfield code="l">0</subfield>
    <subfield code="o">582 R9</subfield>
    <subfield code="p">33724000493326</subfield>
    <subfield code="r">2019-12-31 00:00:00</subfield>
    <subfield code="t">v.1 c.2</subfield>
    <subfield code="w">2019-12-31</subfield>
    <subfield code="y">LIBRO</subfield>
  </datafield>
  <datafield tag="952" ind1=" " ind2=" ">
    <subfield code="0">0</subfield>
    <subfield code="1">0</subfield>
    <subfield code="2">ddc</subfield>
    <subfield code="4">0</subfield>
    <subfield code="5">1</subfield>
    <subfield code="7">0</subfield>
    <subfield code="8">C</subfield>
    <subfield code="a">BC</subfield>
    <subfield code="b">BC</subfield>
    <subfield code="c">PA_CONSULTA</subfield>
    <subfield code="d">2019-12-31</subfield>
    <subfield code="f">LIBRO</subfield>
    <subfield code="l">0</subfield>
    <subfield code="o">582 R9</subfield>
    <subfield code="p">33724000493334</subfield>
    <subfield code="r">2019-12-31 00:00:00</subfield>
    <subfield code="t">v.2 c.3</subfield>
    <subfield code="w">2019-12-31</subfield>
    <subfield code="y">LIBRO</subfield>
  </datafield>
  <datafield tag="952" ind1=" " ind2=" ">
    <subfield code="0">0</subfield>
    <subfield code="1">0</subfield>
    <subfield code="2">ddc</subfield>
    <subfield code="4">0</subfield>
    <subfield code="5">1</subfield>
    <subfield code="7">0</subfield>
    <subfield code="8">C</subfield>
    <subfield code="a">BC</subfield>
    <subfield code="b">BC</subfield>
    <subfield code="c">PA_CONSULTA</subfield>
    <subfield code="d">2019-12-31</subfield>
    <subfield code="f">LIBRO</subfield>
    <subfield code="l">0</subfield>
    <subfield code="o">582 R9</subfield>
    <subfield code="p">33724000665527</subfield>
    <subfield code="r">2019-12-31 00:00:00</subfield>
    <subfield code="t">v.1 c.3</subfield>
    <subfield code="w">2019-12-31</subfield>
    <subfield code="y">LIBRO</subfield>
  </datafield>
  <datafield tag="952" ind1=" " ind2=" ">
    <subfield code="0">0</subfield>
    <subfield code="1">0</subfield>
    <subfield code="2">ddc</subfield>
    <subfield code="4">0</subfield>
    <subfield code="5">1</subfield>
    <subfield code="7">0</subfield>
    <subfield code="8">C</subfield>
    <subfield code="a">BC</subfield>
    <subfield code="b">BC</subfield>
    <subfield code="c">PA_CONSULTA</subfield>
    <subfield code="d">2019-12-31</subfield>
    <subfield code="f">LIBRO</subfield>
    <subfield code="l">0</subfield>
    <subfield code="o">582 R9</subfield>
    <subfield code="p">33724000889499</subfield>
    <subfield code="r">2019-12-31 00:00:00</subfield>
    <subfield code="t">v.3</subfield>
    <subfield code="w">2019-12-31</subfield>
    <subfield code="y">LIBRO</subfield>
  </datafield>
  <datafield tag="952" ind1=" " ind2=" ">
    <subfield code="0">0</subfield>
    <subfield code="1">0</subfield>
    <subfield code="2">ddc</subfield>
    <subfield code="4">0</subfield>
    <subfield code="5">1</subfield>
    <subfield code="7">0</subfield>
    <subfield code="8">C</subfield>
    <subfield code="a">BC</subfield>
    <subfield code="b">BC</subfield>
    <subfield code="c">PA_CONSULTA</subfield>
    <subfield code="d">2019-12-31</subfield>
    <subfield code="f">LIBRO</subfield>
    <subfield code="l">0</subfield>
    <subfield code="o">582 R9</subfield>
    <subfield code="p">33724000938460</subfield>
    <subfield code="r">2019-12-31 00:00:00</subfield>
    <subfield code="t">v.3 c.2</subfield>
    <subfield code="w">2019-12-31</subfield>
    <subfield code="y">LIBRO</subfield>
  </datafield>
  <datafield tag="952" ind1=" " ind2=" ">
    <subfield code="0">0</subfield>
    <subfield code="1">0</subfield>
    <subfield code="2">ddc</subfield>
    <subfield code="4">0</subfield>
    <subfield code="5">1</subfield>
    <subfield code="7">0</subfield>
    <subfield code="8">C</subfield>
    <subfield code="a">BC</subfield>
    <subfield code="b">BC</subfield>
    <subfield code="c">PA_CONSULTA</subfield>
    <subfield code="d">2019-12-31</subfield>
    <subfield code="f">LIBRO</subfield>
    <subfield code="l">1</subfield>
    <subfield code="o">582 R9</subfield>
    <subfield code="p">33724000942090</subfield>
    <subfield code="r">2022-03-18 00:00:00</subfield>
    <subfield code="s">2022-03-18</subfield>
    <subfield code="t">v.3 c.3</subfield>
    <subfield code="w">2019-12-31</subfield>
    <subfield code="y">LIBRO</subfield>
  </datafield>
  <datafield tag="952" ind1=" " ind2=" ">
    <subfield code="0">0</subfield>
    <subfield code="1">0</subfield>
    <subfield code="2">ddc</subfield>
    <subfield code="4">0</subfield>
    <subfield code="5">1</subfield>
    <subfield code="7">0</subfield>
    <subfield code="8">C</subfield>
    <subfield code="a">BC</subfield>
    <subfield code="b">BC</subfield>
    <subfield code="c">PA_CONSULTA</subfield>
    <subfield code="d">2019-12-31</subfield>
    <subfield code="f">LIBRO</subfield>
    <subfield code="l">0</subfield>
    <subfield code="o">582 R9</subfield>
    <subfield code="p">33724002019470</subfield>
    <subfield code="r">2019-12-31 00:00:00</subfield>
    <subfield code="t">v.2 c.5</subfield>
    <subfield code="w">2019-12-31</subfield>
    <subfield code="y">LIBRO</subfield>
  </datafield>
  <datafield tag="952" ind1=" " ind2=" ">
    <subfield code="0">0</subfield>
    <subfield code="1">0</subfield>
    <subfield code="2">ddc</subfield>
    <subfield code="4">0</subfield>
    <subfield code="5">1</subfield>
    <subfield code="7">0</subfield>
    <subfield code="8">C</subfield>
    <subfield code="a">BC</subfield>
    <subfield code="b">BC</subfield>
    <subfield code="c">PA_CONSULTA</subfield>
    <subfield code="d">2019-12-31</subfield>
    <subfield code="f">LIBRO</subfield>
    <subfield code="l">0</subfield>
    <subfield code="o">582 R9</subfield>
    <subfield code="p">33724002022347</subfield>
    <subfield code="r">2019-12-31 00:00:00</subfield>
    <subfield code="t">v.2 c.2</subfield>
    <subfield code="w">2019-12-31</subfield>
    <subfield code="y">LIBRO</subfield>
  </datafield>
  <datafield tag="952" ind1=" " ind2=" ">
    <subfield code="0">0</subfield>
    <subfield code="1">0</subfield>
    <subfield code="2">ddc</subfield>
    <subfield code="4">0</subfield>
    <subfield code="5">1</subfield>
    <subfield code="7">0</subfield>
    <subfield code="8">C</subfield>
    <subfield code="a">BC</subfield>
    <subfield code="b">BC</subfield>
    <subfield code="c">PA_CONSULTA</subfield>
    <subfield code="d">2019-12-31</subfield>
    <subfield code="f">LIBRO</subfield>
    <subfield code="l">0</subfield>
    <subfield code="o">582 R9</subfield>
    <subfield code="p">33724002202199</subfield>
    <subfield code="r">2019-12-31 00:00:00</subfield>
    <subfield code="t">v.2 c.4</subfield>
    <subfield code="w">2019-12-31</subfield>
    <subfield code="y">LIBRO</subfield>
  </datafield>
  <datafield tag="952" ind1=" " ind2=" ">
    <subfield code="0">0</subfield>
    <subfield code="1">0</subfield>
    <subfield code="2">ddc</subfield>
    <subfield code="4">0</subfield>
    <subfield code="5">2</subfield>
    <subfield code="7">0</subfield>
    <subfield code="8">GRAL</subfield>
    <subfield code="a">BC</subfield>
    <subfield code="b">BC</subfield>
    <subfield code="c">PA_GRAL</subfield>
    <subfield code="d">2019-12-31</subfield>
    <subfield code="f">LIBRO</subfield>
    <subfield code="l">2</subfield>
    <subfield code="o">582 R89</subfield>
    <subfield code="p">33724000615746</subfield>
    <subfield code="r">2023-05-09 00:00:00</subfield>
    <subfield code="s">2023-05-09</subfield>
    <subfield code="t">v.1</subfield>
    <subfield code="w">2019-12-31</subfield>
    <subfield code="y">LIBRO</subfield>
  </datafield>
  <datafield tag="952" ind1=" " ind2=" ">
    <subfield code="0">0</subfield>
    <subfield code="1">0</subfield>
    <subfield code="2">ddc</subfield>
    <subfield code="4">0</subfield>
    <subfield code="5">2</subfield>
    <subfield code="7">0</subfield>
    <subfield code="8">GRAL</subfield>
    <subfield code="a">BC</subfield>
    <subfield code="b">BC</subfield>
    <subfield code="c">PA_GRAL</subfield>
    <subfield code="d">2019-12-31</subfield>
    <subfield code="f">LIBRO</subfield>
    <subfield code="l">0</subfield>
    <subfield code="o">582 R9</subfield>
    <subfield code="p">33724000448098</subfield>
    <subfield code="r">2019-12-31 00:00:00</subfield>
    <subfield code="t">v.1 c.8</subfield>
    <subfield code="w">2019-12-31</subfield>
    <subfield code="y">LIBRO</subfield>
  </datafield>
  <datafield tag="952" ind1=" " ind2=" ">
    <subfield code="0">0</subfield>
    <subfield code="1">0</subfield>
    <subfield code="2">ddc</subfield>
    <subfield code="4">0</subfield>
    <subfield code="5">2</subfield>
    <subfield code="7">0</subfield>
    <subfield code="8">GRAL</subfield>
    <subfield code="a">BC</subfield>
    <subfield code="b">BC</subfield>
    <subfield code="c">PA_GRAL</subfield>
    <subfield code="d">2019-12-31</subfield>
    <subfield code="f">LIBRO</subfield>
    <subfield code="l">0</subfield>
    <subfield code="o">582 R9</subfield>
    <subfield code="p">33724000448106</subfield>
    <subfield code="r">2019-12-31 00:00:00</subfield>
    <subfield code="t">v.2 c.7</subfield>
    <subfield code="w">2019-12-31</subfield>
    <subfield code="y">LIBRO</subfield>
  </datafield>
  <datafield tag="952" ind1=" " ind2=" ">
    <subfield code="0">0</subfield>
    <subfield code="1">0</subfield>
    <subfield code="2">ddc</subfield>
    <subfield code="4">0</subfield>
    <subfield code="5">2</subfield>
    <subfield code="7">0</subfield>
    <subfield code="8">GRAL</subfield>
    <subfield code="a">BC</subfield>
    <subfield code="b">BC</subfield>
    <subfield code="c">PA_GRAL</subfield>
    <subfield code="d">2019-12-31</subfield>
    <subfield code="f">LIBRO</subfield>
    <subfield code="l">0</subfield>
    <subfield code="o">582 R9</subfield>
    <subfield code="p">33724000448122</subfield>
    <subfield code="r">2019-12-31 00:00:00</subfield>
    <subfield code="t">v.2 c.6</subfield>
    <subfield code="w">2019-12-31</subfield>
    <subfield code="y">LIBRO</subfield>
  </datafield>
  <datafield tag="952" ind1=" " ind2=" ">
    <subfield code="0">0</subfield>
    <subfield code="1">0</subfield>
    <subfield code="2">ddc</subfield>
    <subfield code="4">0</subfield>
    <subfield code="5">2</subfield>
    <subfield code="7">0</subfield>
    <subfield code="8">GRAL</subfield>
    <subfield code="a">BC</subfield>
    <subfield code="b">BC</subfield>
    <subfield code="c">PA_GRAL</subfield>
    <subfield code="d">2019-12-31</subfield>
    <subfield code="f">LIBRO</subfield>
    <subfield code="l">0</subfield>
    <subfield code="o">582 R9</subfield>
    <subfield code="p">33724000448148</subfield>
    <subfield code="r">2019-12-31 00:00:00</subfield>
    <subfield code="t">v.1 c.14</subfield>
    <subfield code="w">2019-12-31</subfield>
    <subfield code="y">LIBRO</subfield>
  </datafield>
  <datafield tag="952" ind1=" " ind2=" ">
    <subfield code="0">0</subfield>
    <subfield code="1">0</subfield>
    <subfield code="2">ddc</subfield>
    <subfield code="4">0</subfield>
    <subfield code="5">2</subfield>
    <subfield code="7">0</subfield>
    <subfield code="8">GRAL</subfield>
    <subfield code="a">BC</subfield>
    <subfield code="b">BC</subfield>
    <subfield code="c">PA_GRAL</subfield>
    <subfield code="d">2019-12-31</subfield>
    <subfield code="f">LIBRO</subfield>
    <subfield code="l">1</subfield>
    <subfield code="o">582 R9</subfield>
    <subfield code="p">33724000448155</subfield>
    <subfield code="r">2025-07-03 12:41:57</subfield>
    <subfield code="s">2025-02-26</subfield>
    <subfield code="t">v.1 c.9</subfield>
    <subfield code="w">2019-12-31</subfield>
    <subfield code="y">LIBRO</subfield>
  </datafield>
  <datafield tag="952" ind1=" " ind2=" ">
    <subfield code="0">0</subfield>
    <subfield code="1">0</subfield>
    <subfield code="2">ddc</subfield>
    <subfield code="4">0</subfield>
    <subfield code="5">2</subfield>
    <subfield code="7">0</subfield>
    <subfield code="8">GRAL</subfield>
    <subfield code="a">BC</subfield>
    <subfield code="b">BC</subfield>
    <subfield code="c">PA_GRAL</subfield>
    <subfield code="d">2019-12-31</subfield>
    <subfield code="f">LIBRO</subfield>
    <subfield code="l">0</subfield>
    <subfield code="o">582 R9</subfield>
    <subfield code="p">33724000448320</subfield>
    <subfield code="r">2019-12-31 00:00:00</subfield>
    <subfield code="t">v.1 c.11</subfield>
    <subfield code="w">2019-12-31</subfield>
    <subfield code="y">LIBRO</subfield>
  </datafield>
  <datafield tag="952" ind1=" " ind2=" ">
    <subfield code="0">0</subfield>
    <subfield code="1">0</subfield>
    <subfield code="2">ddc</subfield>
    <subfield code="4">0</subfield>
    <subfield code="5">2</subfield>
    <subfield code="7">0</subfield>
    <subfield code="8">GRAL</subfield>
    <subfield code="a">BC</subfield>
    <subfield code="b">BC</subfield>
    <subfield code="c">PA_GRAL</subfield>
    <subfield code="d">2019-12-31</subfield>
    <subfield code="f">LIBRO</subfield>
    <subfield code="l">0</subfield>
    <subfield code="o">582 R9</subfield>
    <subfield code="p">33724000600466</subfield>
    <subfield code="r">2019-12-31 00:00:00</subfield>
    <subfield code="t">v.1 c.15</subfield>
    <subfield code="w">2019-12-31</subfield>
    <subfield code="y">LIBRO</subfield>
  </datafield>
  <datafield tag="952" ind1=" " ind2=" ">
    <subfield code="0">0</subfield>
    <subfield code="1">0</subfield>
    <subfield code="2">ddc</subfield>
    <subfield code="4">0</subfield>
    <subfield code="5">2</subfield>
    <subfield code="7">0</subfield>
    <subfield code="8">GRAL</subfield>
    <subfield code="a">BC</subfield>
    <subfield code="b">BC</subfield>
    <subfield code="c">PA_GRAL</subfield>
    <subfield code="d">2019-12-31</subfield>
    <subfield code="f">LIBRO</subfield>
    <subfield code="l">1</subfield>
    <subfield code="o">582 R9</subfield>
    <subfield code="p">33724000615571</subfield>
    <subfield code="r">2022-11-29 00:00:00</subfield>
    <subfield code="s">2022-11-11</subfield>
    <subfield code="t">v.2</subfield>
    <subfield code="w">2019-12-31</subfield>
    <subfield code="y">LIBRO</subfield>
  </datafield>
  <datafield tag="952" ind1=" " ind2=" ">
    <subfield code="0">0</subfield>
    <subfield code="1">0</subfield>
    <subfield code="2">ddc</subfield>
    <subfield code="4">0</subfield>
    <subfield code="5">2</subfield>
    <subfield code="7">0</subfield>
    <subfield code="8">GRAL</subfield>
    <subfield code="a">BC</subfield>
    <subfield code="b">BC</subfield>
    <subfield code="c">PA_GRAL</subfield>
    <subfield code="d">2019-12-31</subfield>
    <subfield code="f">LIBRO</subfield>
    <subfield code="l">0</subfield>
    <subfield code="o">582 R9</subfield>
    <subfield code="p">33724000615696</subfield>
    <subfield code="r">2019-12-31 00:00:00</subfield>
    <subfield code="t">v.3</subfield>
    <subfield code="w">2019-12-31</subfield>
    <subfield code="y">LIBRO</subfield>
  </datafield>
  <datafield tag="952" ind1=" " ind2=" ">
    <subfield code="0">0</subfield>
    <subfield code="1">0</subfield>
    <subfield code="2">ddc</subfield>
    <subfield code="4">0</subfield>
    <subfield code="5">2</subfield>
    <subfield code="7">0</subfield>
    <subfield code="8">GRAL</subfield>
    <subfield code="a">BC</subfield>
    <subfield code="b">BC</subfield>
    <subfield code="c">PA_GRAL</subfield>
    <subfield code="d">2019-12-31</subfield>
    <subfield code="f">LIBRO</subfield>
    <subfield code="l">0</subfield>
    <subfield code="o">582 R9</subfield>
    <subfield code="p">33724000730503</subfield>
    <subfield code="r">2019-12-31 00:00:00</subfield>
    <subfield code="t">v.1 c.13</subfield>
    <subfield code="w">2019-12-31</subfield>
    <subfield code="y">LIBRO</subfield>
  </datafield>
  <datafield tag="952" ind1=" " ind2=" ">
    <subfield code="0">0</subfield>
    <subfield code="1">0</subfield>
    <subfield code="2">ddc</subfield>
    <subfield code="4">0</subfield>
    <subfield code="5">2</subfield>
    <subfield code="7">0</subfield>
    <subfield code="8">GRAL</subfield>
    <subfield code="a">BC</subfield>
    <subfield code="b">BC</subfield>
    <subfield code="c">PA_GRAL</subfield>
    <subfield code="d">2019-12-31</subfield>
    <subfield code="f">LIBRO</subfield>
    <subfield code="l">0</subfield>
    <subfield code="o">582 R9</subfield>
    <subfield code="p">33724000826608</subfield>
    <subfield code="r">2019-12-31 00:00:00</subfield>
    <subfield code="t">v.2 c.8</subfield>
    <subfield code="w">2019-12-31</subfield>
    <subfield code="y">LIBRO</subfield>
  </datafield>
  <datafield tag="952" ind1=" " ind2=" ">
    <subfield code="0">0</subfield>
    <subfield code="1">0</subfield>
    <subfield code="2">ddc</subfield>
    <subfield code="4">0</subfield>
    <subfield code="5">2</subfield>
    <subfield code="7">0</subfield>
    <subfield code="8">GRAL</subfield>
    <subfield code="a">BC</subfield>
    <subfield code="b">BC</subfield>
    <subfield code="c">PA_GRAL</subfield>
    <subfield code="d">2019-12-31</subfield>
    <subfield code="f">LIBRO</subfield>
    <subfield code="l">0</subfield>
    <subfield code="o">582 R9</subfield>
    <subfield code="p">33724000905451</subfield>
    <subfield code="r">2019-12-31 00:00:00</subfield>
    <subfield code="t">v.2 c.10</subfield>
    <subfield code="w">2019-12-31</subfield>
    <subfield code="y">LIBRO</subfield>
  </datafield>
  <datafield tag="952" ind1=" " ind2=" ">
    <subfield code="0">0</subfield>
    <subfield code="1">0</subfield>
    <subfield code="2">ddc</subfield>
    <subfield code="4">0</subfield>
    <subfield code="5">2</subfield>
    <subfield code="7">0</subfield>
    <subfield code="8">GRAL</subfield>
    <subfield code="a">BC</subfield>
    <subfield code="b">BC</subfield>
    <subfield code="c">PA_GRAL</subfield>
    <subfield code="d">2019-12-31</subfield>
    <subfield code="f">LIBRO</subfield>
    <subfield code="l">0</subfield>
    <subfield code="o">582 R9</subfield>
    <subfield code="p">33724000905691</subfield>
    <subfield code="r">2019-12-31 00:00:00</subfield>
    <subfield code="t">v.2 c.11</subfield>
    <subfield code="w">2019-12-31</subfield>
    <subfield code="y">LIBRO</subfield>
  </datafield>
  <datafield tag="952" ind1=" " ind2=" ">
    <subfield code="0">0</subfield>
    <subfield code="1">0</subfield>
    <subfield code="2">ddc</subfield>
    <subfield code="4">0</subfield>
    <subfield code="5">2</subfield>
    <subfield code="7">0</subfield>
    <subfield code="8">GRAL</subfield>
    <subfield code="a">BC</subfield>
    <subfield code="b">BC</subfield>
    <subfield code="c">PA_GRAL</subfield>
    <subfield code="d">2019-12-31</subfield>
    <subfield code="f">LIBRO</subfield>
    <subfield code="l">1</subfield>
    <subfield code="o">582 R9</subfield>
    <subfield code="p">33724000937348</subfield>
    <subfield code="r">2026-01-27 12:00:51</subfield>
    <subfield code="s">2025-12-18</subfield>
    <subfield code="t">v.2 c.9</subfield>
    <subfield code="w">2019-12-31</subfield>
    <subfield code="y">LIBRO</subfield>
  </datafield>
  <datafield tag="952" ind1=" " ind2=" ">
    <subfield code="0">0</subfield>
    <subfield code="1">0</subfield>
    <subfield code="2">ddc</subfield>
    <subfield code="4">0</subfield>
    <subfield code="5">2</subfield>
    <subfield code="7">0</subfield>
    <subfield code="8">GRAL</subfield>
    <subfield code="a">BC</subfield>
    <subfield code="b">BC</subfield>
    <subfield code="c">PA_GRAL</subfield>
    <subfield code="d">2019-12-31</subfield>
    <subfield code="f">LIBRO</subfield>
    <subfield code="l">0</subfield>
    <subfield code="o">582 R9</subfield>
    <subfield code="p">33724002014446</subfield>
    <subfield code="r">2019-12-31 00:00:00</subfield>
    <subfield code="t">v.1 c.6</subfield>
    <subfield code="w">2019-12-31</subfield>
    <subfield code="y">LIBRO</subfield>
  </datafield>
  <datafield tag="952" ind1=" " ind2=" ">
    <subfield code="0">0</subfield>
    <subfield code="1">0</subfield>
    <subfield code="2">ddc</subfield>
    <subfield code="4">0</subfield>
    <subfield code="5">2</subfield>
    <subfield code="7">0</subfield>
    <subfield code="8">GRAL</subfield>
    <subfield code="a">BC</subfield>
    <subfield code="b">BC</subfield>
    <subfield code="c">PA_GRAL</subfield>
    <subfield code="d">2019-12-31</subfield>
    <subfield code="f">LIBRO</subfield>
    <subfield code="l">2</subfield>
    <subfield code="o">582 R9</subfield>
    <subfield code="p">33724002021777</subfield>
    <subfield code="r">2024-01-19 00:00:00</subfield>
    <subfield code="s">2023-12-08</subfield>
    <subfield code="t">v.1 c.7</subfield>
    <subfield code="w">2019-12-31</subfield>
    <subfield code="y">LIBRO</subfield>
  </datafield>
  <datafield tag="952" ind1=" " ind2=" ">
    <subfield code="0">0</subfield>
    <subfield code="1">0</subfield>
    <subfield code="2">ddc</subfield>
    <subfield code="4">0</subfield>
    <subfield code="5">2</subfield>
    <subfield code="7">0</subfield>
    <subfield code="8">GRAL</subfield>
    <subfield code="a">BC</subfield>
    <subfield code="b">BC</subfield>
    <subfield code="c">PA_GRAL</subfield>
    <subfield code="d">2019-12-31</subfield>
    <subfield code="f">LIBRO</subfield>
    <subfield code="l">0</subfield>
    <subfield code="o">582 R9</subfield>
    <subfield code="p">33724002021975</subfield>
    <subfield code="r">2019-12-31 00:00:00</subfield>
    <subfield code="t">v.1 c.10</subfield>
    <subfield code="w">2019-12-31</subfield>
    <subfield code="y">LIBRO</subfield>
  </datafield>
  <datafield tag="952" ind1=" " ind2=" ">
    <subfield code="0">0</subfield>
    <subfield code="1">0</subfield>
    <subfield code="2">ddc</subfield>
    <subfield code="4">0</subfield>
    <subfield code="5">2</subfield>
    <subfield code="7">0</subfield>
    <subfield code="8">GRAL</subfield>
    <subfield code="a">BC</subfield>
    <subfield code="b">BC</subfield>
    <subfield code="c">PA_GRAL</subfield>
    <subfield code="d">2019-12-31</subfield>
    <subfield code="f">LIBRO</subfield>
    <subfield code="l">0</subfield>
    <subfield code="o">582 R9</subfield>
    <subfield code="p">33724000822987</subfield>
    <subfield code="r">2019-12-31 00:00:00</subfield>
    <subfield code="t">v.1 c.16</subfield>
    <subfield code="w">2019-12-31</subfield>
    <subfield code="y">LIBRO</subfield>
  </datafield>
  <datafield tag="952" ind1=" " ind2=" ">
    <subfield code="0">0</subfield>
    <subfield code="1">0</subfield>
    <subfield code="2">ddc</subfield>
    <subfield code="4">0</subfield>
    <subfield code="5">2</subfield>
    <subfield code="7">0</subfield>
    <subfield code="8">GRAL</subfield>
    <subfield code="a">BC</subfield>
    <subfield code="b">BC</subfield>
    <subfield code="c">PA_GRAL</subfield>
    <subfield code="d">2019-12-31</subfield>
    <subfield code="f">LIBRO</subfield>
    <subfield code="l">1</subfield>
    <subfield code="m">2</subfield>
    <subfield code="o">582 R9</subfield>
    <subfield code="p">33724000928206</subfield>
    <subfield code="r">2025-02-06 10:30:30</subfield>
    <subfield code="s">2025-01-21</subfield>
    <subfield code="t">v.1 c.17</subfield>
    <subfield code="w">2019-12-31</subfield>
    <subfield code="y">LIBRO</subfield>
  </datafield>
  <datafield tag="952" ind1=" " ind2=" ">
    <subfield code="0">0</subfield>
    <subfield code="1">0</subfield>
    <subfield code="2">ddc</subfield>
    <subfield code="4">0</subfield>
    <subfield code="5">2</subfield>
    <subfield code="7">0</subfield>
    <subfield code="8">GRAL</subfield>
    <subfield code="a">BC</subfield>
    <subfield code="b">BC</subfield>
    <subfield code="c">PP_GRAL</subfield>
    <subfield code="d">2019-12-31</subfield>
    <subfield code="f">LIBRO</subfield>
    <subfield code="l">1</subfield>
    <subfield code="o">682 R9</subfield>
    <subfield code="p">33724000905808</subfield>
    <subfield code="q">2022-03-25</subfield>
    <subfield code="r">2022-03-10 00:00:00</subfield>
    <subfield code="s">2022-03-10</subfield>
    <subfield code="t">v.2 c.12</subfield>
    <subfield code="w">2019-12-31</subfield>
    <subfield code="y">LIBRO</subfield>
  </datafield>
</record>
